Statistiken für Geographie nach Buchstabe - Z

Klicken Sie hier um das Quiz zu spielen!

Allgemein

  • Dieses Quiz wurde 4.744 mal gespielt
  • Das Durchschnittsergebnis liegt bei 9 aus 18

Antwortstatistiken

HinweisAntwort% Korrekt
Höchster Berg DeutschlandsZugspitze
97%
Größte Schweizer StadtZürich
95%
Hauptstadt KroatiensZagreb
93%
Unabhängiges LandZypern
84%
Unabhängiges LandZentralafrikanische
Republik
83%
Währung von PolenZłoty
65%
Alter Name der D.R. KongoZaire
59%
Ehemalige Großstadt in SachsenZwickau
51%
Größte ethnische Gruppe SüdafrikasZulu
49%
Spanischer Name der Stadt SaragossaZaragoza
39%
Ski-Resort mit Blick auf das MatterhornZermatt
36%
"Berg", eigentlich ein Hügel,
außerhalb der Stadtmauern Jerusalems
Zion
27%
Unterart der "buckligen" Rinder,
verbreitet in Südasien und Afrika
Zebu
21%
Fünftgrößte Stadt KroatiensZadar
17%
Antike persische Religion, die
immer noch von Minderheiten praktiziert wird
Zoroastrismus
15%
Griechische Insel im Ionischen MeerZakynthos
14%
Kleinste kreisfreie Stadt Deutschlands (34'000)Zweibrücken
12%
Ehemalige niederländische MeeresbuchtZuiderzee
7%

Verteilung der Resultate

Perzentil nach korrekt beantworteten Fragen

Anzahl Personen mit jedem Resultat

Ihre Resultats-Entwicklung

Sie haben dieses Quiz noch nicht gespielt